Obchodovanie na BCPB

Saved in:
Bibliographic Details
Main Author: Kočner, Marián
Other Authors: Šebo, Alexander, Šabíková, Ingrid
Format: Book Chapter
Language:Slovak
Tags: Add Tag
No Tags, Be the first to tag this record!

MARC

LEADER 00000nla$a2200000$$$4500
001 0095099
005 20220606101314.3
041 0 |a slo 
044 |a CZ 
245 1 0 |a Obchodovanie na BCPB  |c Marián Kočner, Alexander Šebo, Ingrid Šabíková 
100 1 |a Kočner, Marián 
700 1 |a Šebo, Alexander 
700 1 |a Šabíková, Ingrid